| 000 | 01291nam a2200229 a 4500 | ||
|---|---|---|---|
| 008 | 090105s2002 ||||||||||||||||| || u | ||
| 020 | _a1903300568 | ||
| 050 | _aQA 135.5 Pri | ||
| 100 | _aMooney, Claire | ||
| 245 | 1 | 0 |
_aPrimary mathematics: teaching theory and practice. -- 2nd ed. _cClaire Mooney...[and others] |
| 250 | _a2nd ed. | ||
| 260 |
_aExeter _bLearning Matters _c2002 |
||
| 300 | _a[v], 182p. ill. | ||
| 350 | _a0.00 | ||
| 490 | _aAchieving QTS | ||
| 650 | 0 | _aMATHEMATICS--HANDBOOKS, MANUALS, ETC | |
| 650 | 0 | _aMATHEMATICS--STUDY AND TEACHING (ELEMENTARY)--GREAT BRITAIN | |
| 995 |
_aMAIN LIBRARY OPEN ACCESS _D0.00 _e739477 _FCBU-MAIN LIBRARY (Kitwe) _H1 _I0.00 _jQA 135.5 PRI _M2 _UAVAILABLE _WFeb 12, 2009 _y739477 _ZMain Library Open Access Collection |
||
| 995 |
_aANNEX COLLECTION (Main Library) _D0.00 _e739478 _FCBU-MAIN LIBRARY (Kitwe) _H1 _I0.00 _jQA 135.5 PRI _M3 _UAVAILABLE _WFeb 12, 2009 _y739478 _ZAnnex Low-Usage Collection |
||
| 995 |
_aANNEX COLLECTION (Main Library) _D0.00 _e739476 _FCBU-MAIN LIBRARY (Kitwe) _H1 _I0.00 _jQA 135.5 PRI _M1 _UAVAILABLE _WFeb 12, 2009 _y739476 _ZAnnex Low-Usage Collection |
||
| 995 |
_aANNEX COLLECTION (Main Library) _D0.00 _e739479 _FCBU-MAIN LIBRARY (Kitwe) _H1 _I0.00 _jQA 135.5 PRI _M4 _UAVAILABLE _WFeb 12, 2009 _y739479 _ZAnnex Low-Usage Collection |
||
| 999 |
_c77066 _d77066 |
||